| 000 | 00952nam a2200277Ia 4500 | ||
|---|---|---|---|
| 003 | IN-BaIIA | ||
| 008 | 211028s9999 xx s 000 0 eng d | ||
| 020 | _a978-3-540-02623-5 (Print) | ||
| 020 | _a978-3-540-37045-1 (Online) | ||
| 022 | _a0075-8450 (Print) | ||
| 022 | _a1616-6361 (Online) | ||
| 040 | _cIIA Library | ||
| 100 |
_aEsposti, Mirko, ed. _940106 |
||
| 245 | 4 |
_aThe Mathematical Aspects of Quantum Maps _h[eBook] |
|
| 260 |
_aHeidelberg, Berlin _bSpringer Berlin Heidelberg _c2003 |
||
| 300 | _aOnline resource | ||
| 490 | _aLecture Notes in Physics | ||
| 650 |
_a Algebra _91494 |
||
| 650 |
_a Computational Mathematics and Numerical Analysis _938287 |
||
| 650 |
_a Quantum Physics _92816 |
||
| 650 |
_a Theoretical, Mathematical and Computational Physics _938331 |
||
| 650 |
_aPhysics _973 |
||
| 700 |
_aGraffi, Sandro, ed. _940107 |
||
| 856 |
_uhttp://doi.org/10.1007/3-540-37045-5 _yClick Here to Access eBook |
||
| 942 | _cEB | ||
| 999 |
_c21689 _d21689 |
||